<?xml version="1.0" encoding="UTF-8"?>
<collection xmlns="http://www.loc.gov/MARC21/slim">
 <record>
  <leader>02295pam a22002778a 4500</leader>
  <controlfield tag="001">00024759</controlfield>
  <controlfield tag="005">20171026081022.0</controlfield>
  <controlfield tag="008">110723s2007                  ||||||viesd</controlfield>
  <datafield tag="041" ind1="0" ind2="#">
   <subfield code="a">vie</subfield>
  </datafield>
  <datafield tag="082" ind1="1" ind2="4">
   <subfield code="a">349.597</subfield>
   <subfield code="b">GI108TR</subfield>
  </datafield>
  <datafield tag="100" ind1="0" ind2="#">
   <subfield code="a">Trần Văn Thắng</subfield>
  </datafield>
  <datafield tag="245" ind1="0" ind2="0">
   <subfield code="a">Giáo trình pháp luật</subfield>
   <subfield code="b">Sách dùng cho các trường cao đẳng Sư phạm</subfield>
   <subfield code="c">B.s.: Trần Văn Thắng (ch.b.), Dương Thị Thanh Mai, Nguyễn Trung Tín</subfield>
  </datafield>
  <datafield tag="260" ind1="#" ind2="#">
   <subfield code="a">H.</subfield>
   <subfield code="b">ĐHSP</subfield>
   <subfield code="c">2007</subfield>
  </datafield>
  <datafield tag="300" ind1="#" ind2="#">
   <subfield code="a">252tr.</subfield>
   <subfield code="c">24cm.</subfield>
  </datafield>
  <datafield tag="500" ind1="#" ind2="#">
   <subfield code="a">Đầu bìa sách ghi: Bộ Giáo dục và Đào tạo. Dự án Đào tạo Giáo viên THCS. LOAN No 1718 - VIE (SF)</subfield>
  </datafield>
  <datafield tag="653" ind1="#" ind2="#">
   <subfield code="a">Giáo trình</subfield>
  </datafield>
  <datafield tag="653" ind1="#" ind2="#">
   <subfield code="a">Pháp luật</subfield>
  </datafield>
  <datafield tag="653" ind1="#" ind2="#">
   <subfield code="a">Việt Nam</subfield>
  </datafield>
  <datafield tag="700" ind1="0" ind2="#">
   <subfield code="a">Dương Thị Thanh Mai</subfield>
   <subfield code="e">b.s.</subfield>
  </datafield>
  <datafield tag="700" ind1="0" ind2="#">
   <subfield code="a">Nguyễn Trung Tín</subfield>
   <subfield code="e">b.s.</subfield>
  </datafield>
  <datafield tag="852" ind1="#" ind2="#">
   <subfield code="b">Kho giáo trình</subfield>
   <subfield code="j">KGT.0017723, KGT.0017724, KGT.0017725, KGT.0017726, KGT.0017727, KGT.0017728, KGT.0017729, KGT.0017730, KGT.0017731, KGT.0017732, KGT.0017733, KGT.0017734, KGT.0017735, KGT.0017736, KGT.0017737, KGT.0017738, KGT.0017739, KGT.0017740, KGT.0017741, KGT.0017742, KGT.0017743, KGT.0017744, KGT.0017745, KGT.0017746, KGT.0017747, KGT.0017748, KGT.0017749, KGT.0017750, KGT.0017751, KGT.0017752, KGT.0017753, KGT.0017754, KGT.0017755, KGT.0017756, KGT.0017757, KGT.0017758, KGT.0017759, KGT.0017760, KGT.0017761, KGT.0017762, KGT.0017763, KGT.0017764, KGT.0017765, KGT.0017766, KGT.0017767, KGT.0017768</subfield>
  </datafield>
  <datafield tag="852" ind1="#" ind2="#">
   <subfield code="b">Kho mượn</subfield>
   <subfield code="j">KGT.0017723</subfield>
  </datafield>
  <datafield tag="852" ind1="#" ind2="#">
   <subfield code="b">Kho đọc</subfield>
   <subfield code="j">KD.0010191</subfield>
  </datafield>
  <datafield tag="852" ind1="#" ind2="#">
   <subfield code="j">KGT.0017726</subfield>
   <subfield code="j">KGT.0017727</subfield>
   <subfield code="j">KGT.0017728</subfield>
   <subfield code="j">KGT.0017730</subfield>
   <subfield code="j">KGT.0017735</subfield>
   <subfield code="j">KGT.0017736</subfield>
   <subfield code="j">KGT.0017737</subfield>
   <subfield code="j">KGT.0017738</subfield>
   <subfield code="j">KGT.0017740</subfield>
   <subfield code="j">KGT.0017743</subfield>
   <subfield code="j">KGT.0017745</subfield>
   <subfield code="j">KGT.0017746</subfield>
   <subfield code="j">KGT.0017748</subfield>
   <subfield code="j">KGT.0017749</subfield>
   <subfield code="j">KGT.0017753</subfield>
   <subfield code="j">KGT.0017754</subfield>
   <subfield code="j">KGT.0017756</subfield>
   <subfield code="j">KGT.0017758</subfield>
   <subfield code="j">KGT.0017761</subfield>
   <subfield code="j">KGT.0017763</subfield>
   <subfield code="j">KGT.0017764</subfield>
   <subfield code="j">KGT.0017766</subfield>
   <subfield code="j">KGT.0017767</subfield>
   <subfield code="j">KD.0010191</subfield>
   <subfield code="j">KGT.0017723</subfield>
   <subfield code="j">KGT.0017724</subfield>
   <subfield code="j">KGT.0017731</subfield>
   <subfield code="j">KGT.0017732</subfield>
   <subfield code="j">KGT.0017741</subfield>
   <subfield code="j">KGT.0017750</subfield>
   <subfield code="j">KGT.0017751</subfield>
   <subfield code="j">KGT.0017759</subfield>
   <subfield code="j">KGT.0017725</subfield>
   <subfield code="j">KGT.0017729</subfield>
   <subfield code="j">KGT.0017733</subfield>
   <subfield code="j">KGT.0017734</subfield>
   <subfield code="j">KGT.0017739</subfield>
   <subfield code="j">KGT.0017742</subfield>
   <subfield code="j">KGT.0017744</subfield>
   <subfield code="j">KGT.0017747</subfield>
   <subfield code="j">KGT.0017752</subfield>
   <subfield code="j">KGT.0017755</subfield>
   <subfield code="j">KGT.0017757</subfield>
   <subfield code="j">KGT.0017760</subfield>
   <subfield code="j">KGT.0017762</subfield>
   <subfield code="j">KGT.0017765</subfield>
   <subfield code="j">KGT.0017768</subfield>
  </datafield>
  <datafield tag="910" ind1=" " ind2=" ">
   <subfield code="d">23/07/2011</subfield>
  </datafield>
  <datafield tag="980" ind1="#" ind2="#">
   <subfield code="a">Trung tâm Học liệu Lê Vũ Hùng, Trường Đại học Đồng Tháp</subfield>
  </datafield>
 </record>
</collection>
